Meilleurs buteurs de Ligue des Champions par Pays - Statistiques

Statistiques générales
  • Ce quiz a été pris 102 fois
  • Le résultat moyen est 30 sur 73
Statistiques - réponses
Pays / Nombre de buts Joueur % Correct
Argentine / 129 buts Lionel Messi
99%
Brésil / 43 buts Neymar
94%
Portugal / 140 buts Cristiano Ronaldo
93%
Belgique / 18 buts Romelu Lukaku
92%
Côte d'Ivoire / 44 buts Didier Drogba
89%
Allemagne / 57 buts Thomas Müller
89%
Egypte / 49 buts Mohamed Salah
88%
Norvège / 56 buts Erling Haaland
87%
Angleterre / 48 buts Harry Kane
87%
Algérie / 20 buts Riyad Mahrez
87%
France / 90 buts Karim Benzema
85%
Cameroun / 30 buts Samuel Eto'o
83%
Pologne / 107 buts Robert Lewandowski
81%
Bosnie-Herzégovine / 29 buts Edin Dzeko
78%
Suède / 48 buts Zlatan Ibrahimovic
78%
Corée du Sud / 19 buts Heung-min Son
76%
Gabon / 20 buts Pierre-Emerick Aubameyang
76%
Uruguay / 35 buts Edinson Cavani
74%
Sénégal / 27 buts Sadio Mané
72%
Chili / 17 buts Alexis Sanchez
71%
Ukraine / 48 buts Andriy Shevchenko
70%
Liberia / 11 buts George Weah
66%
Croatie / 21 buts Mario Mandzukic
65%
Espagne / 72 buts Raul
65%
Pays-Bas / 56 buts Ruud Van Nistelrooy
56%
Nigeria / 15 buts Victor Osimhen
56%
Géorgie / 8 buts Khvicha Kvaratskhelia
55%
Pays de Galles / 28 buts Ryan Giggs
51%
Autriche / 6 buts David Alaba
49%
Etats-Unis / 12 buts Christian Pulisic
48%
Italie / 46 buts Filippo Inzaghi
47%
Arménie / 7 buts Henrikh Mkhitaryan
44%
Iran / 13 buts Mehdi Taremi
44%
Togo / 11 buts Emmanuel Adebayor
42%
République Tchèque / 15 buts Pavel Nedved
40%
Bulgarie / 13 buts Dimitar Berbatov
38%
Mexique / 14 buts Javier Hernandez
38%
Ecosse / 5 buts Ian Durrant | Kenny Miller | Scott McTominay
36%
Colombie / 13 buts Jackson Martinez | Luis Diaz
36%
Maroc / 10 buts Youssef En-Nesyri | Hakim Ziyech
35%
Ghana / 11 buts Michael Essien
33%
Guinée / 18 buts Serhou Guirassy
33%
Equateur / 6 buts Antonio Valencia
31%
Turquie / 13 buts Hakan Sükür | Burak Yilmaz
31%
Finlande / 23 buts Jairi Litmanen
31%
Irlande / 14 buts Roy Keane
31%
Macédoine du Nord / 5 buts Goran Pandev
26%
Hongrie / 11 buts Dominik Szoboszlai
24%
Slovaquie / 5 buts Marek Hamsik | Vladimir Labant
24%
Suisse / 8 buts Alexander Frei
19%
Pérou / 21 buts Claudio Pizarro
16%
Grèce / 14 buts Konstantinos Mitroglou
16%
Trinité-et-Tobago / 11 buts Dwight Yorke
8%
Islande / 7 buts Eidur Gudjohnsen
8%
Russie / 9 buts Artem Dzyuba
7%
Paraguay / 11 buts Oscar Cardozo
6%
RD Congo / 5 buts Chancel Mbemba
4%
Israël / 7 buts Yossi Benayoun
4%
Afrique du Sud / 8 buts Benni McCarthy
3%
Monténégro / 10 buts Mirko Vucinic
3%
Danemark / 11 buts Jon Dahl Tomasson
2%
Irlande du Nord / 2 buts Jonny Evans
2%
Australie / 4 buts Mark Viduka
2%
Roumanie / 8 buts Adrian Ilie
1%
Mali / 8 buts Moussa Marega
1%
Japon / 6 buts Takumi Minamino
1%
Slovénie / 11 buts Zlatko Zahovic
1%
Serbie / 11 buts Dejan Stankovic
0%
Ouzbékistan / 11 buts Maksim Shatskikh
0%
Chypre / 11 buts Michalis Konstantinou
0%
Biélorussie / 5 buts Valentin Belkevich
0%
Nouvelle-Zélande / 8 buts Wynton Rufer
0%
Burkina Faso / 4 buts Yssouf Koné
0%
Aucun quiz correspondant
Distribution des résultats
% des personnes avec chaque résultat
Percentile par nombre de réponses
Votre historique - résultats
Vous n’avez pas pris ce quiz